|
|
|
|
| LEADER |
00899nam a2200229 u 4500 |
| 001 |
10085398 |
| 003 |
upatras |
| 005 |
20210117202529.0 |
| 008 |
100526s1959 gb eng |
| 040 |
|
|
|a GR-PaULI
|c GR-PaULI
|b gre
|
| 041 |
0 |
|
|a gre
|
| 082 |
0 |
4 |
|a 357.094 2
|
| 100 |
|
|
|a Rogers, H. C. B.
|9 155649
|q (Hugh Cuthbert Basset)
|e συγγραφέας
|
| 245 |
1 |
4 |
|a The mounted troops of the British Army 1066-1945 /
|c by H. C. B. Rogers
|
| 260 |
|
|
|a London :
|b Seeley Service,
|c 1959
|
| 300 |
|
|
|a 255 σ. :
|b εικ. ;
|c 26 εκ.
|
| 490 |
|
|
|a The Imperial services library
|v 3
|
| 651 |
|
0 |
|9 92525
|a Μεγάλη Βρετανία Στρατός
|x Ιππικό
|
| 942 |
|
|
|2 ddc
|c BK15
|
| 952 |
|
|
|0 0
|1 0
|2 ddc
|4 0
|6 357_094000000000000_2_ROG
|7 0
|9 91226
|a LISP
|b LISP
|c BSC
|d 2016-04-24
|i 22618
|l 0
|o 357.094 2 ROG
|p 025000092860
|r 2016-04-24 00:00:00
|t 1
|y BK15
|
| 998 |
|
|
|c ΜΠΟΥΡΑΣ
|d 2016-06
|
| 999 |
|
|
|c 61163
|d 61163
|